Waves in oceanic and coastal waters / (Record no. 3306)

000 -LEADER
fixed length control field 02577nam a2200373 i 4500
006 - FIXED-LENGTH DATA ELEMENTS--ADDITIONAL MATERIAL CHARACTERISTICS--GENERAL INFORMATION
fixed length control field m|||||o||d||||||||
007 - PHYSICAL DESCRIPTION FIXED FIELD--GENERAL INFORMATION
fixed length control field cr||||||||||||
008 - FIXED-LENGTH DATA ELEMENTS--GENERAL INFORMATION
fixed length control field 141103s2007||||enk o ||1 0|eng|d
020 ## - INTERNATIONAL STANDARD BOOK NUMBER
International Standard Book Number 9780511618536 (ebook)
040 ## - CATALOGING SOURCE
Original cataloging agency IMU Kochi Library
Language of cataloging eng
041 0# - LANGUAGE CODE
Language code of text/sound track or separate title eng
082 00 - DEWEY DECIMAL CLASSIFICATION NUMBER
Classification number 551.4630151
Edition number 22
100 1# - MAIN ENTRY--PERSONAL NAME
Personal name Holthuijsen, Leo H.,
245 10 - TITLE STATEMENT
Title Waves in oceanic and coastal waters /
246 3# - VARYING FORM OF TITLE
Title proper/short title Waves in Oceanic & Coastal Waters
300 ## - PHYSICAL DESCRIPTION
Extent 1 online resource (xvi, 387 pages) :
Other physical details digital, PDF file(s).
500 ## - GENERAL NOTE
General note Title from publisher's bibliographic system (viewed on 05 Oct 2015).
520 ## - SUMMARY, ETC.
Summary, etc Waves in Oceanic and Coastal Waters describes the observation, analysis and prediction of wind-generated waves in the open ocean, in shelf seas, and in coastal regions with islands, channels, tidal flats and inlets, estuaries, fjords and lagoons. Most of this richly illustrated book is devoted to the physical aspects of waves. After introducing observation techniques for waves, both at sea and from space, the book defines the parameters that characterise waves. Using basic statistical and physical concepts, the author discusses the prediction of waves in oceanic and coastal waters, first in terms of generalised observations, and then in terms of the more theoretical framework of the spectral energy balance. He gives the results of established theories and also the direction in which research is developing. The book ends with a description of SWAN (Simulating Waves Nearshore), the preferred computer model of the engineering community for predicting waves in coastal waters.
650 #0 - SUBJECT ADDED ENTRY--TOPICAL TERM
Topical term or geographic name as entry element Water waves
General subdivision Mathematical models.
650 #0 - SUBJECT ADDED ENTRY--TOPICAL TERM
Topical term or geographic name as entry element Ocean waves
General subdivision Mathematical models.
852 ## - LOCATION/CALL NUMBER
Location IMU Kochi Library
856 40 - ELECTRONIC LOCATION AND ACCESS
Uniform Resource Identifier <a href="https://doi.org/10.1017/CBO9780511618536">https://doi.org/10.1017/CBO9780511618536</a>
904 ## - LOCAL DATA ELEMENT D, LDD (RLIN)
CATALOGER Rudra Ranjan
905 ## - LOCAL DATA ELEMENT E, LDE (RLIN)
VERIFIER Rudra Ranjan
942 ## - ADDED ENTRY ELEMENTS (KOHA)
Item type E-Book
264 #1 -
-- Cambridge :
-- Cambridge University Press,
-- 2007.
338 ## -
-- online resource
505 00 - FORMATTED CONTENTS NOTE
-- 1.
-- Introducion --
-- 2.
-- Observation techniques --
-- 3.
-- Description of ocean waves --
-- 4.
-- Statistics --
-- 5.
-- Linear wave theory (oceanic waters) --
-- 6.
-- Waves in oceanic waters --
-- 7.
-- Linear wave theory (coastal waters) --
-- 8.
-- Waves in coastal waters --
-- 9.
-- The SWAN wave model --
-- App. A.
-- Random variables --
-- App. B.
-- Linear wave theory --
-- App. C.
-- Spectral analysis --
-- App. D.
-- Tides and currents --
-- App. E.
-- Shallow-water equations.

No items available.



Copyright © All Rights Reserved by Indian Maritime University, Kochi Campus.
For any Suggestions/Query Contact to library or Email: library.kochi@imu.ac.in Ph:(0484)-2989402
(Web OPAC Designed by Rudra Ranjan. Maintained by IMU Kochi Library)

Powered by Koha